| 000 | 01561nam a22002297a 4500 | ||
|---|---|---|---|
| 999 |
_c59040 _d59040 |
||
| 003 | Ge_BSU | ||
| 005 | 20221104165552.0 | ||
| 008 | 221104s2019 ge ||||| |||| 00| 0 geo d | ||
| 020 | _a9789941296697 | ||
| 041 | _ageo | ||
| 080 | _a27 ქ-27 | ||
| 100 |
_aკენკიშვილი, კახაბერ _915755 |
||
| 245 |
_aქართული ხატები და სიწმინდეები / _cშემდგენელი კახაბერ კენკიშვილი ; სარედაქციო ჯგუფი: სალომე ნიკოლეიშვილი, ლიკა თავართქილაძე, ნინო ბურჯანაძე [და სხვა] ; მხატვარი ლევან სილაგაძე. |
||
| 264 |
_aთბილისი, _c2019. |
||
| 300 |
_a128 გვ. : _b ილ. ; _c20 სმ. |
||
| 490 | _aმეგზური სიკეთის სამყაროშია / პროექტის ავტორი და რედაქტორი თამარ მამაცაშვილი ; წიგნი 14 | ||
| 653 | _aქართული ხატები | ||
| 700 |
_aმამაცაშვილი, თამარ _eპროექტის ავტორი, რედაქტორი _915756 |
||
| 700 |
_aსილაგაძე, ლევან _eმხატვარი _915757 |
||
| 700 |
_aნიკოლეიშვილი, _eსალომე, რედაქტორი _915758 |
||
| 942 |
_2udc _cBK |
||